000 02560nam0a2200457 4500
001 RU\NLR\bibl\814429
005 20260406071312.0
010 _a5-93350-089-5
_93000
021 _aRU
_b2005-12639
_9645
035 _aRSL-KNO-002577759
035 _a(NLR Aleph) 000803475
090 _a1195994
_c1195994
100 _a20050309d2005 |||y0rusy50 ca
101 0 _arus
102 _aRU
105 _aa |||||||||
106 _ar
200 1 _aГород Люберцы и храмы Люберецкого района
_fпротоиер. Олег Пэнэжко
205 _a3-е изд., перераб. и доп.
210 _aВладимир
_c[б. и.]
_d2005
_gГП Владимир. книж. тип.
215 _a110, [4] с.
_cил., портр.
_d20
300 _aНа тит. л.: к 625-летию Николо-Угрешского монастыря
300 _aНа обл. авт. не указан
320 _aБиблиогр.: с. 108-109
512 1 _aГ. Люберцы. Храмы Люберецкого района
606 1 _aЦеркви и соборы
_yЛюберецкий район (Московская область)
_92279188
_3RU\NLR\auth\661365615
610 0 _aРелигия -- Христианство -- Православие -- Русская православная церковь -- Организация церкви -- Храмы и другие места отправления культа -- Храмы -- Соборные и приходские храмы -- Городские храмы -- Люберцы, город
610 0 _aРелигия -- Христианство -- Православие -- Русская православная церковь -- Организация церкви -- Храмы и другие места отправления культа -- Храмы -- Соборные и приходские храмы -- Сельские храмы -- Московская область -- Люберецкий район
686 _aЭ372.24-655.11Люберцы,0
_2rubbk
686 _aЭ372.24-655.12Московская область,0
_2rubbk
686 _aЭ372.24-655
700 1 _4070
_7ca
_8rus
_aПэнэжко
_bО. Г.
_f1952-
_gОлег Григорьевич
_9126056
_3RU\NLR\AUTH\7716416
801 0 _aRU
_bRuMoRKP
_c20050309
_grcr
801 1 _aRU
_bRuMoRGB
_c20050309
801 2 _aRU
_bNLR
_c20050701
_gPSBO
942 _cBOOK
980 _aNB
980 _aNBR